5HLuxD.jpg

KING HENRY VIII SENIOR AND PRIMARY SCHOOL LIBRARY OPAC

The Midnight Palace / (Record no. 133)

000 -LEADER
fixed length control field 01409cam a22003737a 4500
001 - CONTROL NUMBER
control field 17348376
003 - CONTROL NUMBER IDENTIFIER
control field OSt
005 - DATE AND TIME OF LATEST TRANSACTION
control field 20190729074917.0
008 - FIXED-LENGTH DATA ELEMENTS--GENERAL INFORMATION
fixed length control field 120615r20122011nyu d 000 1 eng
010 ## - LIBRARY OF CONGRESS CONTROL NUMBER
LC control number 2012392545
020 ## - INTERNATIONAL STANDARD BOOK NUMBER
International Standard Book Number 9780316044745
040 ## - CATALOGING SOURCE
Original cataloging agency DLC
Transcribing agency DLC
Modifying agency DLC
041 1# - LANGUAGE CODE
Language code of text/sound track or separate title eng
Language code of original spa
042 ## - AUTHENTICATION CODE
Authentication code lcac
-- pcc
082 00 - DEWEY DECIMAL CLASSIFICATION NUMBER
Classification number FIC RUI
Edition number 23
100 1# - MAIN ENTRY--PERSONAL NAME
Personal name Ruiz Zafón, Carlos,
Dates associated with a name 1964-
Relator term author
240 10 - UNIFORM TITLE
Uniform title Palacio de la medianoche.
Language of a work English
245 14 - TITLE STATEMENT
Title The Midnight Palace /
Statement of responsibility, etc. Carlos Ruiz Zafón ; translated by Lucia Graves.
250 ## - EDITION STATEMENT
Edition statement 1st pbk. ed.
260 ## - PUBLICATION, DISTRIBUTION, ETC.
Place of publication, distribution, etc. New York :
Name of publisher, distributor, etc. Little, Brown,
Date of publication, distribution, etc. 2012.
300 ## - PHYSICAL DESCRIPTION
Extent 298 p.
Dimensions 22 cm.
520 ## - SUMMARY, ETC.
Summary, etc. When a mysterious threat reenters the lives of twins Ben and Sheere, separated as babies and reunited as teenagers in 1930s Calcutta, the siblings must confront an unspeakable terror, with the help of their secret society of fellow orphans.
650 #1 - SUBJECT ADDED ENTRY--TOPICAL TERM
Topical term or geographic name entry element Demonology
Form subdivision Fiction.
650 #1 - SUBJECT ADDED ENTRY--TOPICAL TERM
Topical term or geographic name entry element Secret societies
Form subdivision Fiction.
650 #1 - SUBJECT ADDED ENTRY--TOPICAL TERM
Topical term or geographic name entry element Orphans
Form subdivision Fiction.
650 #1 - SUBJECT ADDED ENTRY--TOPICAL TERM
Topical term or geographic name entry element Twins
Form subdivision Fiction.
650 #1 - SUBJECT ADDED ENTRY--TOPICAL TERM
Topical term or geographic name entry element Brothers and sisters
Form subdivision Fiction.
651 #1 - SUBJECT ADDED ENTRY--GEOGRAPHIC NAME
Geographic name Kolkata (India)
General subdivision History
Chronological subdivision 20th century
Form subdivision Fiction.
651 #1 - SUBJECT ADDED ENTRY--GEOGRAPHIC NAME
Geographic name India
General subdivision History
Chronological subdivision 20th century
Form subdivision Fiction.
700 1# - ADDED ENTRY--PERSONAL NAME
Personal name Graves, Lucia.
Relator term Translator
906 ## - LOCAL DATA ELEMENT F, LDF (RLIN)
a 7
b cbc
c origcop
d 2
e ncip
f 20
g y-gencatlg
942 ## - ADDED ENTRY ELEMENTS (KOHA)
Source of classification or shelving scheme
Koha item type Books - Fiction
Holdings
Withdrawn status Lost status Source of classification or shelving scheme Damaged status Not for loan Collection code Permanent Location Current Location Shelving location Date acquired Total Checkouts Full call number Barcode Date last seen Date last checked out Price effective from Koha item type
          Fiction KH8 Senior School Library KH8 Senior School Library Fiction 2019-07-29 1 FIC RUI 3KHSL000101127 2024-07-22 2021-04-23 2019-07-29 Books - Fiction

Powered By KH8 IT Dept